Normal view
MARC view
Entry Personal Name
001 - CONTROL NUMBER
- control field: 738
003 - CONTROL NUMBER IDENTIFIER
- control field: BD-RjUL
005 - DATE AND TIME OF LATEST TRANSACTION
- control field: 20220115150206.0
008 - FIXED-LENGTH DATA ELEMENTS
- fixed length control field: 220115|| aca||aabn | a|a d
040 ## - CATALOGING SOURCE
- Original cataloging agency: BD-RjUL
- Transcribing agency: BD-RjUL
100 ## - HEADING--PERSONAL NAME
- Personal name: Ibn Ḥanbal, Aḥmad ibn Muḥammad,
- Dates associated with a name: 780-855
670 ## - SOURCE DATA FOUND
- Source citation: Work cat.: (BD-RjUL)79183: Bagdadi, Abu Bakr Al-Khallal = البغدادي, أبو بكر الخلال 737, المسند من مسائل أبي "عبد الله أحمد بن محمد بن حنبل = Al-Musnad Min Masa'il Abi "Abd Allah Ahmad B. Muhammad B. Hanbal /